Chemisorption of gases on metals /

Guardado en:
Autor Principal: Tompkins, F. C. 1910-
Formato: Libro
Idioma:English
Publicado: London : Academic Press, 1978.
Materias:
Etiquetas: Agregar Etiqueta
Sin Etiquetas, Sea el primero en etiquetar este registro!
LEADER 00767nam a22002295a 4500
001 EIQ.libpla000811
008 781213s1978####enka#####b####001#0#eng#d
005 20060531182351.0
245 1 0 |a Chemisorption of gases on metals /  |c F. C. Tompkins. 
260 |a London :  |b Academic Press,  |c 1978. 
300 |a xii, 370 p. :  |b il. ;  |c 24 cm. 
504 |a Incluye referencias bibliográficas e índices. 
020 |a 0126946507 
100 1 |a Tompkins, F. C.  |q (Frederick Clifford),  |d 1910- 
082 0 0 |a 541/.3453 
650 4 |a Quimisorción  |x Metales. 
650 4 |a Quimisorción  |x Superficies. 
650 4 |a Chemisorption  |x Metals. 
650 4 |a Chemisorption  |x Surfaces. 
010 |a  77093207  
040 |a DLC  |c DLC  |d AR-BbSID 
859 |a AR-BbSID  |b BIB. PLAPIQUI  |h 541.395  |i T 596  |p 539